Southville International School and Colleges
Your cart is empty.
  • Cart
  • Lists
    Public lists Eva Luna New books Lux_list list_1
    Your lists Log in to create your own lists
  • Log in to your account
  • Your cookies
  • Search history
Southville International School and Colleges
  • Advanced search
  • Recent comments
  • Most popular
  • Libraries

Log in to your account

Log in with GOOGLE


If you do not have an external account, but do have a local account, you can still log in:

  1. Home
  2. MARC view: Harrison's goal, 47 /
Normal view MARC view ISBD view

Harrison's goal, 47 / (Record no. 112793)

[ view plain ]
MARC details
000 -LEADER
fixed length control field 00631nam a2200205 a 4500
001 - CONTROL NUMBER
control field 1589
005 - DATE AND TIME OF LATEST TRANSACTION
control field 20140414131951.0
008 - FIXED-LENGTH DATA ELEMENTS--GENERAL INFORMATION
fixed length control field 020828s19uu xx 00 eng d
020 ## - INTERNATIONAL STANDARD BOOK NUMBER
International Standard Book Number 1-74078-046-9
050 ## - LIBRARY OF CONGRESS CALL NUMBER
Classification number TR 428.4
Item number C793H 2000
100 ## - MAIN ENTRY--PERSONAL NAME
Personal name Cooper-Trent, Jennifer
245 ## - TITLE STATEMENT
Title Harrison's goal, 47 /
Statement of responsibility, etc Story by Jennifer Cooper-Trent.
260 ## - PUBLICATION, DISTRIBUTION, ETC. (IMPRINT)
Place of publication, distribution, etc Philippines :
Name of publisher, distributor, etc Soundscope Literature,
Date of publication, distribution, etc [n.d.]
300 ## - PHYSICAL DESCRIPTION
Extent 1 v. p. ; cm.
440 ## - SERIES STATEMENT/ADDED ENTRY--TITLE
Title Fantastic Phonics Series 3
500 ## - GENERAL NOTE
General note Series 1 (1-20) ; Series 2 (21-40) ; Series (41-60)
650 ## - SUBJECT ADDED ENTRY--TOPICAL TERM
Topical term or geographic name as entry element Reading
General subdivision Juvenile literature.
650 ## - SUBJECT ADDED ENTRY--TOPICAL TERM
Topical term or geographic name as entry element Phonetics.
Holdings
Withdrawn status Lost status Damaged status Use restrictions Home library Current library Shelving location Date acquired Source of acquisition Cost, normal purchase price Total Checkouts Full call number Barcode Date last seen Price effective from Koha item type
        Munich Library Munich Library Teachers Reference Section 12/21/2004   35.00   TR 428.4 C793H 2000 M4183 04/14/2014 04/14/2014 Books

Harrison's goal, 47 /

APA

Cooper-Trent J., .Harrison's goal, 47. Philippines: Soundscope Literature.

Chicago

Cooper-Trent Jennifer, .Harrison's goal, 47. Philippines: Soundscope Literature.

Harvard

Cooper-Trent J., .Harrison's goal, 47. Philippines: Soundscope Literature.

MLA

Cooper-Trent Jennifer, .Philippines: Soundscope Literature. .

  • Place hold
  • Print
  • Cite
  • Add to your cart (remove)
  • Save record
    BIBTEX Dublin Core MARCXML MARC (non-Unicode/MARC-8) MARC (Unicode/UTF-8) MARC (Unicode/UTF-8, Standard) MODS (XML) RIS
  • More searches
    Search for this title in:
    Other Libraries (WorldCat) Other Databases (Google Scholar) Online Stores (Bookfinder.com) Open Library (openlibrary.org)

Exporting to Dublin Core...

SOUTHVILLE LIBRARY

Southville International School and Colleges Library

1281 Tropical Ave. Cor. Luxembourg St., BF Homes International, Las Pinas City

Tel. No. 8256374 / 252358 Loc. 117/146

Powered by Koha